Livre de morale pratique, ou choix de preceptes et de beaux exemples destine a la lecture courante dans les ecoles et dans les familles

Αποθηκεύτηκε σε:
Λεπτομέρειες βιβλιογραφικής εγγραφής
Κύριος συγγραφέας: Barrau, Theodore - Henri, 1794-1865
Μορφή: Βιβλίο
Γλώσσα:French
Δημοσίευση: Paris : Librairie Hachette, 1905.
Θέματα:
Ετικέτες: Προσθήκη ετικέτας
Δεν υπάρχουν, Καταχωρήστε ετικέτα πρώτοι!

MARC

LEADER 00000nam a2200000 a 4500
001 1/127216
008 230906s1905####fr | ||| |||| ||fre||
040 |a GR-MyUa  |b gre  |c GR-MyUa  |e AACR2 
041 0 |a fre 
082 7 |2 (23) 
100 1 |a Barrau, Theodore - Henri,   |d 1794-1865. 
245 1 0 |a Livre de morale pratique, ou choix de preceptes et de beaux exemples destine a la lecture courante dans les ecoles et dans les familles /   |c par Th. H. Barrau.  
260 |a Paris :   |b Librairie Hachette,   |c 1905.  
300 |a x, 464 σ. ;   |c 18 εκ.  
650 0 |a Christian ethics  |x Catholic authors. 
650 0 |a Moral education. 
852 |a INST  |b SAMOS  |c MOR  |e 20230906  |h 241 BAR  |p 005300047801  |q 005300047801  |t BK  |y 23 
970 |a Γουβάλα  |b Βάσω  |z 06-09-2023